000 00628nam a22001817a 4500
005 20251108172627.0
008 250721s1998 xx 000 0 ara d
082 1 4 _a910,968/الح
100 1 _aالحسيليون، إريك
_eمؤلف
245 1 0 _aأشهر الرحلات في جنوب أفريقيا /
264 1 _aالقاهره :
_bالهيئه المصريه العامه للكتاب،
_c1998.
300 _a510 ص
650 1 7 _aجنوب أفريقيا
650 1 7 _aالرحلات الجغرافيه
700 1 _aالشيخ، عبدالرحمن عبدالله
_eمترجم
942 _2ddc
_cBK
999 _c84403
_d84403